000 00412nam a22001697a 4500
005 20160429150303.0
008 160429b xxu||||| |||| 00| 0 eng d
020 _a81-219-2550-9
041 _aeng
082 _b00933
100 _aVerma Shalini
_9271
245 _aBody language yam Success mantra
260 _aNew Delhi
_bS.Chand & co. Ltd
_c2010
300 _a173
650 _aManagement
_9241
942 _cBK
999 _c311
_d311